Mozgással a könnyebb tanulásért Alapozó Terápia - megalapozza a gyermekek fejlődésben elmaradt idegrendszerét

Bibliographic Details
Main Authors: Valkó, Ildikó (Author), Volter, Zsuzsanna (Author)
Format: Article
Language:Hungarian
PhysicalDescription:Fotogr.
ISSN:1335-6631
Subjects:

MARC

LEADER 00000nab a2200000 ar4500
001 vtls008305890
003 SK-MaSNL
005 20260318124245.0
008 160405c2005 xo |||||||| 000 b|hun
015 |a SNBRB2005/08  |2 snkbucl 
038 |a SNKBUCL 
040 |a DSZK  |b slo  |c DSZK  |e AACR2 
041 0 |a hun 
044 |a xo  |c SK 
080 |a 37.011.32:796.012.2-053.5  |2 1997 
080 |a 796.012.2-053.5  |2 1997 
100 1 |a Valkó, Ildikó  |4 aut  |9 570584 
245 1 0 |a Mozgással a könnyebb tanulásért  |b Alapozó Terápia - megalapozza a gyermekek fejlődésben elmaradt idegrendszerét  |c Valkó Ildikó, Volter Zsuzsanna 
300 |b Fotogr. 
650 0 7 |a zdravotne postihnuté deti  |x pohybová terapia  |z Levice (Slovensko)  |2 snkbucl  |9 1450498 
650 0 7 |a pohybová terapia  |2 snkbucl  |9 2567 
650 0 7 |a žiaci  |x zdravotne postihnuté deti  |x pohybová terapia  |z Levice (Slovensko)  |2 snkbucl  |9 1450499 
700 1 |a Volter, Zsuzsanna  |4 aut  |9 1450500 
773 0 |t Szabad újság  |g Évf. XIII, sz. 32 (2005), o. 5  |x 1335-6631 
852 |a SNK  |b KIS3GCP 
852 |a DSZK  |b KIS3GCP 
958 |a HU 
958 |a SK 
999 |c 2901749  |d 2903679